[Event "6th Banja Luka it"]
[Site "Banja Luka YUG"]
[Date "1985.04.10"]
[Round "1"]
[White "Filipovic, Branko"]
[Black "Lechtynsky, Jiri"]
[Result "1/2-1/2"]
[WhiteElo "2395"]
[BlackElo "2445"]
[EventDate "1985.04.10"]
[PlyCount "55"]

1.e4 c5 2.Nf3 d6 3.d4 cxd4 4.Qxd4 a6 5.c4 Nc6 6.Qd1 Nf6 7.Nc3 g6 8.Be2 Bg7
9.O-O O-O 10.h3 Nd7 11.Be3 Bxc3 12.bxc3 Qa5 13.Qc2 Nc5 14.Nd4 Qa4 15.Nb3 
Be6 16.Bxc5 dxc5 17.Qb2 Bxc4 18.Nxc5 Qb5 19.Qxb5 axb5 20.Bxc4 bxc4 21.a4 
Na5 22.Rfb1 Rfc8 23.Nd7 Nb3 24.Nb6 Nxa1 25.Rxa1 Rd8 26.Nxa8 Rxa8 27.a5 e5 
28.Kh2 1/2-1/2

[Event "6th Banja Luka it"]
[Site "Banja Luka YUG"]
[Date "1985.04.10"]
[Round "1"]
[White "Minic, Dragoljub"]
[Black "Farago, Ivan"]
[Result "1/2-1/2"]
[WhiteElo "2440"]
[BlackElo "2495"]
[EventDate "1985.04.10"]
[PlyCount "39"]

1.e4 e6 2.d4 d5 3.Nd2 Nf6 4.e5 Nfd7 5.Ngf3 c5 6.c3 Nc6 7.Bd3 Be7 8.O-O a5 
9.Re1 cxd4 10.cxd4 Qb6 11.Qa4 Qb4 12.Qc2 Nxd4 13.Nxd4 Qxd4 14.Nb3 Qh4 15.
a4 Bb4 16.Re3 h6 17.Qe2 Nc5 18.Rh3 Qe7 19.Nxc5 Bxc5 20.Qg4 1/2-1/2

[Event "6th Banja Luka it"]
[Site "Banja Luka YUG"]
[Date "1985.04.10"]
[Round "1"]
[White "Gavric, Miladin"]
[Black "Short, Nigel David"]
[Result "1/2-1/2"]
[WhiteElo "2265"]
[BlackElo "2535"]
[EventDate "1985.04.10"]
[PlyCount "78"]

1.e4 e6 2.d4 d5 3.Nd2 Nf6 4.e5 Nfd7 5.c3 c5 6.Bd3 Nc6 7.Ne2 cxd4 8.cxd4 f6
9.exf6 Nxf6 10.O-O Bd6 11.Nf3 Qc7 12.Nc3 a6 13.Bg5 O-O 14.Bh4 Nh5 15.Re1 
g6 16.Bg5 Qg7 17.Be3 Nf4 18.Bf1 g5 19.g3 h6 20.Kh1 Ng6 21.Bh3 Nge7 22.Ne5 
Nxe5 23.dxe5 Bxe5 24.Bc5 Rf7 25.Na4 Nf5 26.Nb6 Rb8 27.Qe2 Bd4 28.Rac1 e5 
29.Nxc8 Rxc8 30.Bxf5 Rxf5 31.Bxd4 Rxc1 32.Rxc1 exd4 33.Qe6+ Rf7 34.Rc8+ 
Kh7 35.Qxd5 Qf6 36.Rc2 Qf5 37.Qxf5+ Rxf5 38.Kg2 Kg6 39.Rd2 Rd5 1/2-1/2

[Event "6th Banja Luka it"]
[Site "Banja Luka YUG"]
[Date "1985.04.10"]
[Round "1"]
[White "Psakhis, Lev"]
[Black "Kurajica, Bojan"]
[Result "1/2-1/2"]
[WhiteElo "2555"]
[BlackElo "2535"]
[EventDate "1985.04.10"]
[PlyCount "29"]

1.d4 Nf6 2.c4 e6 3.Nf3 Bb4+ 4.Nbd2 d5 5.Qa4+ Nc6 6.a3 Be7 7.e3 O-O 8.b4 
Bd7 9.Qc2 a5 10.b5 Na7 11.a4 c6 12.Bb2 Rc8 13.bxc6 Bxc6 14.c5 b6 15.Ba6 
1/2-1/2

[Event "6th Banja Luka it"]
[Site "Banja Luka YUG"]
[Date "1985.04.10"]
[Round "1"]
[White "Plaskett, Harold James"]
[Black "Velimirovic, Dragoljub"]
[Result "0-1"]
[WhiteElo "2495"]
[BlackElo "2500"]
[EventDate "1985.04.10"]
[PlyCount "80"]

1.d4 Nf6 2.c4 c5 3.d5 g6 4.Nc3 Bg7 5.e4 O-O 6.Bd3 d6 7.Nge2 e5 8.O-O Nh5 
9.Qc2 a6 10.Rb1 Nd7 11.a3 Qh4 12.b4 Nf4 13.f3 Nxd3 14.Qxd3 f5 15.Be3 b6 
16.a4 f4 17.Bf2 Qg5 18.a5 cxb4 19.Rxb4 Nc5 20.Bxc5 bxc5 21.Rb2 Bh3 22.Rf2 
Bd7 23.Rb7 Rf7 24.Qb1 Qd8 25.Qb6 Qf8 26.Nc1 Bf6 27.Ra7 Rxa7 28.Qxa7 Bc8 
29.Qa8 Rb7 30.Nd3 Rb3 31.Rb2 Rxc3 32.Rb8 Kg7 33.Rxc8 Qf7 34.Qxa6 Rxd3 35.
Qxd6 Kh6 36.Rc7 Bh4 37.Kf1 Qf6 38.Qd7 Re3 39.Qxh7+ Kg5 40.g4 fxg3 0-1

[Event "6th Banja Luka it"]
[Site "Banja Luka YUG"]
[Date "1985.04.14"]
[Round "1"]
[White "Djuric, Stefan"]
[Black "Klaric, Zlatko"]
[Result "1/2-1/2"]
[WhiteElo "2470"]
[BlackElo "2480"]
[EventDate "1985.04.10"]
[PlyCount "21"]

1.d4 d5 2.c4 c6 3.cxd5 cxd5 4.Nc3 Nf6 5.Nf3 Nc6 6.Bf4 Bf5 7.e3 e6 8.Bd3 
Bxd3 9.Qxd3 Bd6 10.Bg3 Bxg3 11.hxg3 1/2-1/2

[Event "6th Banja Luka it"]
[Site "Banja Luka YUG"]
[Date "1985.04.11"]
[Round "2"]
[White "Klaric, Zlatko"]
[Black "Sibarevic, Milenko"]
[Result "1/2-1/2"]
[WhiteElo "2480"]
[BlackElo "2355"]
[EventDate "1985.04.10"]
[PlyCount "81"]

1.d4 Nf6 2.Nf3 g6 3.b3 Bg7 4.Bb2 O-O 5.g3 d5 6.Bg2 c5 7.e3 Nc6 8.O-O Ne4 
9.Nbd2 Bg4 10.h3 Nxd2 11.Qxd2 Bxf3 12.Bxf3 cxd4 13.exd4 e6 14.Bg2 a5 15.
Rfd1 Qb6 16.c4 dxc4 17.bxc4 Rfd8 18.c5 Qb4 19.Bc3 Qc4 20.Rac1 Bxd4 21.Bxc6
Bxc3 22.Qxd8+ Rxd8 23.Rxd8+ Kg7 24.Bxb7 Qxc5 25.Rc8 Qb6 26.R8xc3 Qxb7 27.
Rb3 Qd7 28.Rcc3 e5 29.Rc5 a4 30.Re3 f6 31.h4 Kh6 32.a3 Qd4 33.Rb5 e4 34.
Kg2 f5 35.Rb4 Qd1 36.Rc3 Kh5 37.Rb7 h6 38.Rb6 Qd2 39.Re3 Qc2 40.Rb5 Qc6 
41.Rb4 1/2-1/2

[Event "6th Banja Luka it"]
[Site "Banja Luka YUG"]
[Date "1985.04.11"]
[Round "2"]
[White "Velimirovic, Dragoljub"]
[Black "Djuric, Stefan"]
[Result "1/2-1/2"]
[WhiteElo "2500"]
[BlackElo "2470"]
[EventDate "1985.04.10"]
[PlyCount "44"]

1.e4 e5 2.Nf3 Nc6 3.c3 Be7 4.d4 exd4 5.cxd4 d5 6.exd5 Nb4 7.Bb5+ Bd7 8.
Bxd7+ Qxd7 9.Nc3 Nxd5 10.Ne5 Nxc3 11.bxc3 Qb5 12.a4 Qd5 13.O-O Nf6 14.Rb1 
O-O 15.Rb5 c5 16.Bg5 Rad8 17.Qf3 Qxf3 18.Nxf3 b6 19.a5 h6 20.Bxf6 Bxf6 21.
axb6 axb6 22.dxc5 Rd5 1/2-1/2

[Event "6th Banja Luka it"]
[Site "Banja Luka YUG"]
[Date "1985.04.11"]
[Round "2"]
[White "Kurajica, Bojan"]
[Black "Plaskett, Harold James"]
[Result "1/2-1/2"]
[WhiteElo "2535"]
[BlackElo "2495"]
[EventDate "1985.04.10"]
[PlyCount "38"]

1.d4 Nf6 2.Nf3 c5 3.g3 b6 4.Bg2 Bb7 5.c4 cxd4 6.Qxd4 Nc6 7.Qf4 g6 8.O-O 
Bg7 9.Nc3 Rc8 10.Bd2 O-O 11.Rac1 d5 12.cxd5 Nxd5 13.Qh4 e6 14.Bg5 f6 15.
Bd2 Qe7 16.Nxd5 exd5 17.Rfe1 Qe4 18.Qh3 Qe7 19.Bc3 Ne5 1/2-1/2

[Event "6th Banja Luka it"]
[Site "Banja Luka YUG"]
[Date "1985.04.11"]
[Round "2"]
[White "Farago, Ivan"]
[Black "Gavric, Miladin"]
[Result "1-0"]
[WhiteElo "2495"]
[BlackElo "2265"]
[EventDate "1985.04.10"]
[PlyCount "57"]

1.d4 Nf6 2.c4 g6 3.Nc3 Bg7 4.e4 d6 5.Be2 O-O 6.Nf3 e5 7.O-O Nc6 8.d5 Ne7 
9.Nd2 c5 10.dxc6 bxc6 11.b4 d5 12.b5 d4 13.Na4 d3 14.Bf3 cxb5 15.cxb5 Bd7 
16.Nc5 Bxb5 17.a4 Bc6 18.Ba3 Re8 19.Rc1 Rc8 20.Rc3 Nf5 21.exf5 e4 22.fxg6 
hxg6 23.Ndxe4 Nxe4 24.Rxd3 Qa5 25.Nxe4 Bxe4 26.Rd7 Bc6 27.Bxc6 Rxc6 28.
Rxf7 Rce6 29.Qd7 1-0

[Event "6th Banja Luka it"]
[Site "Banja Luka YUG"]
[Date "1985.04.11"]
[Round "2"]
[White "Filipovic, Branko"]
[Black "Minic, Dragoljub"]
[Result "1/2-1/2"]
[WhiteElo "2395"]
[BlackElo "2440"]
[EventDate "1985.04.10"]
[PlyCount "28"]

1.e4 c5 2.Nf3 d6 3.d4 Nf6 4.Nc3 cxd4 5.Qxd4 a6 6.Be3 Nbd7 7.Bc4 e6 8.O-O-O
Qc7 9.Bb3 Be7 10.g4 O-O 11.g5 Ng4 12.h4 b5 13.Rdg1 Nxe3 14.Qxe3 Nc5 
1/2-1/2

[Event "6th Banja Luka it"]
[Site "Banja Luka YUG"]
[Date "1985.04.12"]
[Round "3"]
[White "Minic, Dragoljub"]
[Black "Lechtynsky, Jiri"]
[Result "1/2-1/2"]
[WhiteElo "2440"]
[BlackElo "2445"]
[EventDate "1985.04.10"]
[PlyCount "39"]

1.e4 e5 2.Nf3 Nc6 3.Bb5 a6 4.Ba4 Nf6 5.O-O Be7 6.Re1 b5 7.Bb3 d6 8.c3 O-O 
9.h3 Nb8 10.d4 Nbd7 11.Nbd2 Bb7 12.Bc2 Re8 13.b3 Bf8 14.Bb2 g6 15.dxe5 
dxe5 16.c4 b4 17.Qe2 Bd6 18.Nf1 Nc5 19.Ng3 Qe7 20.Rad1 1/2-1/2

[Event "6th Banja Luka it"]
[Site "Banja Luka YUG"]
[Date "1985.04.12"]
[Round "3"]
[White "Gavric, Miladin"]
[Black "Filipovic, Branko"]
[Result "1/2-1/2"]
[WhiteElo "2265"]
[BlackElo "2395"]
[EventDate "1985.04.10"]
[PlyCount "32"]

1.e4 c5 2.Nf3 Nc6 3.d4 cxd4 4.Nxd4 Nf6 5.Nc3 e5 6.Ndb5 d6 7.Bg5 a6 8.Na3 
b5 9.Nd5 Be7 10.Bxf6 Bxf6 11.c3 O-O 12.Nc2 Bg5 13.a4 bxa4 14.Rxa4 a5 15.
Bc4 Rb8 16.b3 Be6 1/2-1/2

[Event "6th Banja Luka it"]
[Site "Banja Luka YUG"]
[Date "1985.04.12"]
[Round "3"]
[White "Psakhis, Lev"]
[Black "Farago, Ivan"]
[Result "1/2-1/2"]
[WhiteElo "2555"]
[BlackElo "2495"]
[EventDate "1985.04.10"]
[PlyCount "123"]

1.e4 e6 2.d4 d5 3.e5 c5 4.c3 Nc6 5.Nf3 Qb6 6.a3 c4 7.g3 Na5 8.Nbd2 Bd7 9.
Bh3 h6 10.O-O Ne7 11.Nh4 Nec6 12.f4 O-O-O 13.Rb1 Be7 14.Ng2 Rdg8 15.Kh1 g6
16.Ne3 Nb3 17.Qf3 Qc7 18.Nxb3 cxb3 19.Bd2 Na5 20.Rbc1 Nc4 21.Nxc4 Qxc4 22.
Rg1 Kb8 23.g4 Bb5 24.Bf1 Qc6 25.f5 gxf5 26.gxf5 Bg5 27.Bxg5 hxg5 28.Rg2 
Rh7 29.fxe6 fxe6 30.Qf6 Bxf1 31.Rxf1 a6 32.Rxg5 Rgh8 33.Rf2 Qc4 34.Rg3 Rh6
35.Qf3 Ka7 36.h3 Qc7 37.Kh2 Qh7 38.Qg2 Rh4 39.Rf1 Qh5 40.Rff3 Re4 41.Re3 
Rf4 42.Rgf3 Rg4 43.Rg3 Rf4 44.Ref3 Re4 45.Qf2 Rc8 46.Re3 Rxe3 47.Rxe3 Qd1 
48.Qe1 Qc2+ 49.Re2 Qd3 50.Rd2 Qf5 51.Rf2 Qd3 52.Qe2 Qb1 53.Rf1 Qh7 54.Rf3 
Qb1 55.Rf6 Qc1 56.Rf1 Qh6 57.Qf2 Rh8 58.Qg3 Qh7 59.Rf6 Qb1 60.Qf2 Qd3 61.
Rf3 Qb1 62.Qe3 1/2-1/2

[Event "6th Banja Luka it"]
[Site "Banja Luka YUG"]
[Date "1985.04.12"]
[Round "3"]
[White "Djuric, Stefan"]
[Black "Kurajica, Bojan"]
[Result "1/2-1/2"]
[WhiteElo "2470"]
[BlackElo "2535"]
[EventDate "1985.04.10"]
[PlyCount "35"]

1.d4 Nf6 2.Nf3 e6 3.g3 b5 4.Bg2 Bb7 5.O-O c5 6.c3 cxd4 7.cxd4 Be7 8.Bg5 
O-O 9.Nc3 b4 10.Na4 d6 11.Qb3 Nc6 12.a3 Rb8 13.axb4 Nxb4 14.Bxf6 Bxf6 15.
Qxb4 Bxf3 16.Qd2 Bxg2 17.Kxg2 a5 18.d5 1/2-1/2

[Event "6th Banja Luka it"]
[Site "Banja Luka YUG"]
[Date "1985.04.12"]
[Round "3"]
[White "Sibarevic, Milenko"]
[Black "Velimirovic, Dragoljub"]
[Result "1-0"]
[WhiteElo "2355"]
[BlackElo "2500"]
[EventDate "1985.04.10"]
[PlyCount "87"]

1.e4 c5 2.Nf3 d6 3.d4 cxd4 4.Nxd4 Nf6 5.Nc3 g6 6.Be3 Bg7 7.f3 Nc6 8.Qd2 
O-O 9.O-O-O Nxd4 10.Bxd4 Be6 11.Nd5 Rc8 12.g4 Bxd5 13.exd5 Qc7 14.c3 Qa5 
15.g5 Nh5 16.Bh3 Qxd5 17.Bxg7 Qxd2+ 18.Rxd2 Nxg7 19.Bxc8 Rxc8 20.Re1 Kf8 
21.Re4 Nf5 22.Rd5 a6 23.Rb4 Rc7 24.Kd2 e6 25.Rd3 Ke7 26.f4 h5 27.c4 Kd7 
28.c5 d5 29.Rc3 Ne7 30.Rb6 Nc6 31.b4 Na7 32.a4 Kd8 33.f5 gxf5 34.g6 fxg6 
35.Rxe6 Nc6 36.Rxg6 Nxb4 37.Rg8+ Kd7 38.Rg7+ Kc6 39.Rxc7+ Kxc7 40.Rh3 Kc6 
41.Rxh5 Kxc5 42.Rxf5 b5 43.axb5 axb5 44.h4 1-0

[Event "6th Banja Luka it"]
[Site "Banja Luka YUG"]
[Date "1985.04.13"]
[Round "4"]
[White "Lechtynsky, Jiri"]
[Black "Klaric, Zlatko"]
[Result "0-1"]
[WhiteElo "2445"]
[BlackElo "2480"]
[EventDate "1985.04.10"]
[PlyCount "108"]

1.e4 e5 2.Nf3 Nc6 3.Bb5 Nge7 4.O-O Ng6 5.d4 exd4 6.Nxd4 Bc5 7.Nb3 Be7 8.f4
O-O 9.Nc3 d6 10.Nd5 f5 11.Bc4 Kh8 12.Bd3 fxe4 13.Bxe4 Bf5 14.Bxf5 Rxf5 15.
Qd3 Rf8 16.Bd2 Qd7 17.Rae1 Rae8 18.c4 b6 19.Bc3 Bd8 20.Rxe8 Rxe8 21.Rf3 
Qf7 22.g3 Nge7 23.Nxe7 Qxe7 24.Qd5 Qd7 25.Nd2 Bf6 26.Bxf6 gxf6 27.Nf1 Kg7 
28.Re3 Ne7 29.Qd2 Nf5 30.Rxe8 Qxe8 31.Qd3 Qe6 32.Kf2 c5 33.g4 Nd4 34.Ne3 
h5 35.Nf5+ Nxf5 36.gxf5 Qd7 37.Qg3+ Kf8 38.Qg6 Qf7 39.Qxf7+ Kxf7 40.Ke3 d5
41.cxd5 Ke7 42.Kd3 b5 43.a3 Kd6 44.Ke4 a5 45.a4 bxa4 46.h4 a3 47.bxa3 a4 
48.Ke3 Kxd5 49.Kd3 c4+ 50.Ke3 c3 51.Kd3 c2 52.Kxc2 Kc4 53.Kd2 Kb3 54.Kd3 
Kxa3 0-1

[Event "6th Banja Luka it"]
[Site "Banja Luka YUG"]
[Date "1985.04.13"]
[Round "4"]
[White "Kurajica, Bojan"]
[Black "Sibarevic, Milenko"]
[Result "1-0"]
[WhiteElo "2535"]
[BlackElo "2355"]
[EventDate "1985.04.10"]
[PlyCount "129"]

1.Nf3 c5 2.g3 g6 3.c4 Bg7 4.Bg2 Nc6 5.O-O e6 6.a3 Nge7 7.Qc2 b6 8.d3 Bb7 
9.Nc3 O-O 10.b3 d5 11.Bb2 Nd4 12.Nxd4 cxd4 13.Na2 Qd7 14.Rad1 Rfc8 15.e4 
a5 16.a4 b5 17.axb5 Qxb5 18.exd5 exd5 19.Nc1 dxc4 20.Bxb7 Qxb7 21.dxc4 Nc6
22.Qe4 Re8 23.Qg2 Qb6 24.Nd3 Rac8 25.Nc1 a4 26.Qd5 Red8 27.Qb5 Qc7 28.c5 
axb3 29.Qxb3 Rb8 30.Qa3 Ra8 31.Qf3 Rab8 32.Nd3 Rb3 33.Qe4 Qd7 34.Rfe1 Rbb8
35.Bc1 Re8 36.Qf3 Rbc8 37.Bf4 h5 38.h4 Ra8 39.Kg2 Rac8 40.Bd6 Rcd8 41.Nf4 
Rxe1 42.Rxe1 Bf8 43.Nd5 Bg7 44.Nb6 Qb7 45.Re7 Qxe7 46.Bxe7 Nxe7 47.Qb7 Bf6
48.Qc7 Nd5 49.Qxd8+ Bxd8 50.Nxd5 f5 51.c6 Kf7 52.c7 Bxc7 53.Nxc7 d3 54.Kf3
f4 55.gxf4 Kf6 56.Nd5+ Ke6 57.Ne3 Kd6 58.Ke4 d2 59.Nc4+ Ke6 60.Nxd2 g5 61.
hxg5 h4 62.f5+ Kd7 63.Kf3 h3 64.Kg3 h2 65.Kxh2 1-0

[Event "6th Banja Luka it"]
[Site "Banja Luka YUG"]
[Date "1985.04.13"]
[Round "4"]
[White "Short, Nigel David"]
[Black "Djuric, Stefan"]
[Result "1-0"]
[WhiteElo "2535"]
[BlackElo "2470"]
[EventDate "1985.04.10"]
[PlyCount "82"]

1.e4 e5 2.Nf3 Nc6 3.Bb5 a6 4.Ba4 Nf6 5.O-O Be7 6.Re1 b5 7.Bb3 d6 8.a4 Bg4 
9.c3 b4 10.h3 Bxf3 11.Qxf3 Rb8 12.Bc4 Na5 13.Bxa6 Nb3 14.Ra2 O-O 15.Bb5 c6
16.Bxc6 Qc8 17.Bb5 Qe6 18.Qf5 Nxc1 19.Qxe6 fxe6 20.Rxc1 Nxe4 21.cxb4 Bh4 
22.f3 Bf2+ 23.Kf1 Bd4 24.Ke1 Ng3 25.Nc3 e4 26.Nxe4 Nxe4 27.fxe4 Rf4 28.Ke2
Kf7 29.Rc7+ Kf6 30.Bd3 Rxb4 31.a5 Kg5 32.a6 Rf8 33.Bc4 Kf6 34.b3 h5 35.Kd3
Rbb8 36.Ke2 Bb6 37.Rd7 Bc5 38.Ra1 d5 39.Rf1+ Ke5 40.Rxf8 Rxf8 41.Ra7 Kf6 
1-0

[Event "6th Banja Luka it"]
[Site "Banja Luka YUG"]
[Date "1985.04.13"]
[Round "4"]
[White "Farago, Ivan"]
[Black "Plaskett, Harold James"]
[Result "1/2-1/2"]
[WhiteElo "2495"]
[BlackElo "2495"]
[EventDate "1985.04.10"]
[PlyCount "62"]

1.d4 Nf6 2.c4 e6 3.Nf3 b6 4.g3 Ba6 5.b3 d5 6.Qc2 c5 7.Bg2 Nc6 8.O-O Rc8 9.
dxc5 Bxc5 10.Bb2 Nb4 11.Qc1 dxc4 12.a3 Nbd5 13.b4 c3 14.Nxc3 Be7 15.Nd4 
Nxc3 16.Bxc3 Nd5 17.Bxd5 Qxd5 18.Qb2 O-O 19.b5 Bb7 20.Nc6 Bxc6 21.bxc6 f6 
22.Bb4 Bc5 23.Bxc5 bxc5 24.Qb7 Qxc6 25.Rab1 Rf7 26.Qxc6 Rxc6 27.Rb8+ Rf8 
28.Rb7 c4 29.Rd1 Kh8 30.Rdd7 Rg8 31.Rxa7 h6 1/2-1/2

[Event "6th Banja Luka it"]
[Site "Banja Luka YUG"]
[Date "1985.04.13"]
[Round "4"]
[White "Filipovic, Branko"]
[Black "Psakhis, Lev"]
[Result "1/2-1/2"]
[WhiteElo "2395"]
[BlackElo "2555"]
[EventDate "1985.04.10"]
[PlyCount "67"]

1.e4 c5 2.Nf3 e6 3.d3 Nc6 4.g3 d5 5.Nbd2 g6 6.Bg2 Bg7 7.O-O Nge7 8.Re1 b6 
9.c3 h6 10.e5 g5 11.d4 Ng6 12.h3 O-O 13.Nf1 f5 14.exf6 Qxf6 15.Be3 cxd4 
16.cxd4 Bd7 17.Rc1 Rac8 18.Qd2 Nf4 19.Ne5 Nxg2 20.Nxd7 Qf7 21.Nxf8 Nxe1 
22.Qxe1 Nxd4 23.Bxd4 Rxc1 24.Qxc1 Bxd4 25.Qd2 e5 26.Ne3 Kxf8 27.Nc2 Bc5 
28.b4 Bd6 29.Ne3 d4 30.Qd3 Qf3 31.Qg6 dxe3 32.Qxd6+ Kf7 33.Qd7+ Kg6 34.
Qd6+ 1/2-1/2

[Event "6th Banja Luka it"]
[Site "Banja Luka YUG"]
[Date "1985.04.13"]
[Round "4"]
[White "Minic, Dragoljub"]
[Black "Gavric, Miladin"]
[Result "0-1"]
[WhiteElo "2440"]
[BlackElo "2265"]
[EventDate "1985.04.10"]
[PlyCount "64"]

1.e4 c5 2.Nf3 Nc6 3.d4 cxd4 4.Nxd4 Nf6 5.Nc3 e5 6.Ndb5 d6 7.Bg5 a6 8.Na3 
b5 9.Nd5 Be7 10.Nxe7 Nxe7 11.Bd3 d5 12.Bxf6 gxf6 13.Qe2 Qa5+ 14.Kf1 Bb7 
15.exd5 Nxd5 16.Be4 Qb4 17.c4 Nf4 18.Qe1 Bxe4 19.Qxe4 Rc8 20.g3 Qxb2 21.
Rb1 Qxa3 22.gxf4 Qh3+ 23.Ke1 Rxc4 24.Qa8+ Ke7 25.Qb7+ Qd7 26.Qxd7+ Kxd7 
27.fxe5 fxe5 28.Rg1 Ra4 29.Rb2 Ke6 30.Rg3 Rc8 31.Rh3 Rc1+ 32.Kd2 Ra1 0-1

[Event "6th Banja Luka it"]
[Site "Banja Luka YUG"]
[Date "1985.04.15"]
[Round "5"]
[White "Gavric, Miladin"]
[Black "Lechtynsky, Jiri"]
[Result "1/2-1/2"]
[WhiteElo "2265"]
[BlackElo "2445"]
[EventDate "1985.04.10"]
[PlyCount "37"]

1.e4 c5 2.Nf3 d6 3.d4 cxd4 4.Nxd4 Nf6 5.Nc3 a6 6.Be2 e6 7.f4 Qc7 8.O-O Be7
9.Kh1 O-O 10.a4 Nc6 11.Be3 Bd7 12.Nb3 Na5 13.e5 Ne8 14.Nxa5 Qxa5 15.Qd2 
Rc8 16.Bf3 Qc7 17.a5 Bc6 18.Bb6 Qb8 19.Qe3 1/2-1/2

[Event "6th Banja Luka it"]
[Site "Banja Luka YUG"]
[Date "1985.04.15"]
[Round "5"]
[White "Psakhis, Lev"]
[Black "Minic, Dragoljub"]
[Result "1-0"]
[WhiteElo "2555"]
[BlackElo "2440"]
[EventDate "1985.04.10"]
[PlyCount "83"]

1.d4 Nf6 2.c4 c5 3.d5 d6 4.Nc3 g6 5.e4 Bg7 6.Bg5 O-O 7.f3 Na6 8.Qd2 Nc7 9.
a4 a6 10.Bd3 Rb8 11.a5 b5 12.axb6 Rxb6 13.f4 Bd7 14.Nf3 Nh5 15.O-O f6 16.
Bh4 Bh6 17.g3 e5 18.dxe6 Bxe6 19.Be2 Qe7 20.Ne1 Rfb8 21.Rb1 Ng7 22.g4 Nge8
23.Ng2 Qd7 24.h3 f5 25.exf5 gxf5 26.Ne3 Bg7 27.Bd3 Bd4 28.Bf2 fxg4 29.f5 
g3 30.fxe6 gxf2+ 31.Qxf2 Nxe6 32.Kh1 Nf6 33.Qh4 Bxe3 34.Qxf6 Ng5 35.Bf5 
Qg7 36.Nd5 Qxf6 37.Nxf6+ Kg7 38.Nd7 h6 39.Rbe1 Bd4 40.Re7+ Kg8 41.Nxb8 
Rxb8 42.h4 1-0

[Event "6th Banja Luka it"]
[Site "Banja Luka YUG"]
[Date "1985.04.15"]
[Round "5"]
[White "Plaskett, Harold James"]
[Black "Filipovic, Branko"]
[Result "1-0"]
[WhiteElo "2495"]
[BlackElo "2395"]
[EventDate "1985.04.10"]
[PlyCount "53"]

1.e4 c5 2.f4 d5 3.exd5 Nf6 4.Nc3 Nxd5 5.Nf3 Nc6 6.Bb5 Nxc3 7.bxc3 Bd7 8.
O-O g6 9.Qe2 Bg7 10.Ba3 b6 11.d4 cxd4 12.Rfe1 Bf6 13.Bxc6 Bxc6 14.Ne5 Bd7 
15.Rad1 O-O 16.Rxd4 Qc8 17.Bxe7 Bxe7 18.Nxd7 Re8 19.Qf3 Bh4 20.Re5 Kg7 21.
f5 Rxe5 22.f6+ Kg8 23.Nxe5 Bg5 24.h4 Bh6 25.Qd5 Qe8 26.Nxf7 Qe3+ 27.Kh1 
1-0

[Event "6th Banja Luka it"]
[Site "Banja Luka YUG"]
[Date "1985.04.15"]
[Round "5"]
[White "Sibarevic, Milenko"]
[Black "Short, Nigel David"]
[Result "1/2-1/2"]
[WhiteElo "2355"]
[BlackElo "2535"]
[EventDate "1985.04.10"]
[PlyCount "32"]

1.e4 e6 2.d4 d5 3.Nc3 Bb4 4.Ne2 b6 5.a3 Be7 6.g3 dxe4 7.Bg2 Bb7 8.Nxe4 Nc6
9.O-O Qd7 10.c4 Nf6 11.Nxf6+ Bxf6 12.d5 O-O-O 13.Qc2 exd5 14.cxd5 Ne5 15.
Rd1 Kb8 16.a4 h5 1/2-1/2

[Event "6th Banja Luka it"]
[Site "Banja Luka YUG"]
[Date "1985.04.15"]
[Round "5"]
[White "Klaric, Zlatko"]
[Black "Velimirovic, Dragoljub"]
[Result "1/2-1/2"]
[WhiteElo "2480"]
[BlackElo "2500"]
[EventDate "1985.04.10"]
[PlyCount "88"]

1.d4 g6 2.e4 Bg7 3.c3 d6 4.Nf3 Nf6 5.Bd3 O-O 6.O-O Nc6 7.Nbd2 e5 8.dxe5 
Nxe5 9.Nxe5 dxe5 10.Nc4 Nh5 11.Be2 Nf4 12.Bxf4 exf4 13.Qxd8 Rxd8 14.Rfd1 
Bd7 15.Na5 Rab8 16.Kf1 b6 17.Nb3 Bc6 18.Rxd8+ Rxd8 19.f3 Kf8 20.Rd1 Rxd1+ 
21.Bxd1 Ke7 22.Nd4 Bd7 23.Be2 f5 24.exf5 Bxd4 25.cxd4 Bxf5 26.Ke1 Kd6 27.
Kd2 g5 28.Kc3 h5 29.h3 Be6 30.b3 Bd7 31.Bd3 g4 32.hxg4 hxg4 33.fxg4 Bxg4 
34.Be4 Be6 35.Bf3 a5 36.a3 Bd5 37.b4 axb4+ 38.axb4 Kc6 39.b5+ Kd6 40.Bxd5 
Kxd5 41.Kd3 c6 42.bxc6 Kxc6 43.Ke4 b5 44.Kxf4 b4 1/2-1/2

[Event "6th Banja Luka it"]
[Site "Banja Luka YUG"]
[Date "1985.04.16"]
[Round "6"]
[White "Lechtynsky, Jiri"]
[Black "Velimirovic, Dragoljub"]
[Result "0-1"]
[WhiteElo "2445"]
[BlackElo "2500"]
[EventDate "1985.04.10"]
[PlyCount "60"]

1.d4 Nf6 2.Nf3 c5 3.c3 e6 4.Bg5 h6 5.Bxf6 Qxf6 6.Nbd2 cxd4 7.cxd4 Nc6 8.e3
g5 9.a3 g4 10.Ng1 h5 11.g3 d5 12.Bg2 Bd7 13.Ne2 h4 14.Nf4 Qg7 15.Nb3 Bd6 
16.Rc1 b6 17.Rc3 Ne7 18.Qd2 Rc8 19.Rxc8+ Bxc8 20.Bf1 hxg3 21.fxg3 Bxf4 22.
exf4 Nf5 23.Bb5+ Bd7 24.Bxd7+ Kxd7 25.Qb4 Nxg3 26.Nc5+ Ke8 27.Rg1 Qg6 28.
Qa4+ Kf8 29.hxg3 bxc5 30.dxc5 Rh2 0-1

[Event "6th Banja Luka it"]
[Site "Banja Luka YUG"]
[Date "1985.04.16"]
[Round "6"]
[White "Kurajica, Bojan"]
[Black "Klaric, Zlatko"]
[Result "1/2-1/2"]
[WhiteElo "2535"]
[BlackElo "2480"]
[EventDate "1985.04.10"]
[PlyCount "81"]

1.d4 d5 2.c4 Bf5 3.Nf3 e6 4.Nbd2 c6 5.g3 Nd7 6.Bg2 Be7 7.O-O h5 8.Qb3 Qc7 
9.Re1 Ngf6 10.Ng5 Ng4 11.Nf1 O-O 12.f3 Ngf6 13.e4 dxe4 14.fxe4 Bg6 15.e5 
Ng4 16.Nf3 b5 17.cxb5 Rab8 18.a4 a6 19.h3 Nh6 20.Bxh6 gxh6 21.Rec1 axb5 
22.axb5 Qb6 23.Qe3 c5 24.Qxh6 Rfe8 25.d5 Bf8 26.Qg5 c4+ 27.Kh1 Nc5 28.dxe6
Nxe6 29.Qe3 Qxe3 30.Nxe3 Bh6 31.Re1 Bxe3 32.Rxe3 Rxb5 33.Nh4 Nd4 34.Nxg6 
fxg6 35.Rc3 Nf5 36.Rxc4 Nxg3+ 37.Kh2 Nf5 38.Ra6 Kg7 39.Rcc6 Nh4 40.Kg3 
Rxb2 41.Be4 1/2-1/2

[Event "6th Banja Luka it"]
[Site "Banja Luka YUG"]
[Date "1985.04.16"]
[Round "6"]
[White "Farago, Ivan"]
[Black "Sibarevic, Milenko"]
[Result "1/2-1/2"]
[WhiteElo "2495"]
[BlackElo "2355"]
[EventDate "1985.04.10"]
[PlyCount "94"]

1.d4 Nf6 2.c4 e6 3.Nf3 b6 4.a3 Bb7 5.Nc3 d5 6.cxd5 Nxd5 7.Qc2 c5 8.dxc5 
Bxc5 9.Bg5 Be7 10.Nxd5 exd5 11.Bxe7 Qxe7 12.e3 O-O 13.Bd3 g6 14.O-O Rc8 
15.Qa4 Nd7 16.Rfd1 Nc5 17.Qf4 Kg7 18.Qg3 Nb3 19.Rab1 Qf6 20.h4 Rc5 21.Qg4 
d4 22.Nxd4 Nxd4 23.Qxd4 Qxd4 24.exd4 Rh5 25.g3 Bf3 26.Re1 Rd8 27.Be4 Bxe4 
28.Rxe4 Rb5 29.b4 a5 30.Kf1 Rc8 31.Re3 Rc4 32.Rd3 Rd5 33.bxa5 bxa5 34.Rbd1
Kf6 35.Ke2 Ke6 36.Ke3 Rb5 37.R1d2 a4 38.Ke4 Re5+ 39.Kf4 Rf5+ 40.Ke3 Rb5 
41.Ke2 Kd5 42.Rf3 f5 43.Rfd3 Rb3 44.Ke3 Rc1 45.Rxb3 axb3 46.Kd3 Ra1 47.Re2
Rxa3 1/2-1/2

[Event "6th Banja Luka it"]
[Site "Banja Luka YUG"]
[Date "1985.04.16"]
[Round "6"]
[White "Filipovic, Branko"]
[Black "Djuric, Stefan"]
[Result "0-1"]
[WhiteElo "2395"]
[BlackElo "2470"]
[EventDate "1985.04.10"]
[PlyCount "84"]

1.e4 c5 2.Nf3 Nc6 3.Bb5 g6 4.O-O Bg7 5.Re1 e5 6.Bxc6 dxc6 7.d3 Qe7 8.Nbd2 
Nf6 9.Nc4 Nh5 10.Be3 O-O 11.a4 b6 12.a5 b5 13.Ncd2 Rd8 14.Qe2 Nf4 15.Qf1 
Ne6 16.Nb3 Nd4 17.Nbxd4 cxd4 18.Bc1 c5 19.h3 Ba6 20.b3 Rac8 21.Nh2 c4 22.
bxc4 bxc4 23.Bd2 h5 24.Nf3 Qd7 25.Reb1 Qc6 26.Ne1 Rb8 27.f4 Rxb1 28.Rxb1 
c3 29.Bc1 Qa4 30.fxe5 Qa2 31.Rb3 Bxe5 32.Nf3 Bg3 33.Ng5 Rf8 34.Bf4 Bxd3 
35.Qxd3 Bxf4 36.Rb5 Qa1+ 37.Kf2 Be3+ 38.Kf3 Qg1 39.Qe2 Qh2 40.g4 Qh1+ 41.
Kg3 h4+ 42.Kxh4 Qd1 0-1

[Event "6th Banja Luka it"]
[Site "Banja Luka YUG"]
[Date "1985.04.16"]
[Round "6"]
[White "Minic, Dragoljub"]
[Black "Plaskett, Harold James"]
[Result "1-0"]
[WhiteElo "2440"]
[BlackElo "2495"]
[EventDate "1985.04.10"]
[PlyCount "75"]

1.e4 c5 2.g3 e6 3.d3 Nc6 4.Bg2 d5 5.Nd2 Nf6 6.Ngf3 Be7 7.O-O b5 8.Re1 a5 
9.e5 Nd7 10.Nf1 b4 11.h4 a4 12.a3 O-O 13.Bf4 bxa3 14.bxa3 Rb8 15.N1h2 Ba6 
16.Ng4 Rb2 17.h5 Nd4 18.Nxd4 cxd4 19.Bc1 Rb5 20.Nh2 Qb6 21.Qg4 Rc8 22.Nf3 
Rxc2 23.Nxd4 Rxf2 24.h6 g6 25.Kxf2 Bc5 26.Be3 Nxe5 27.Qh4 f6 28.Kg1 g5 29.
Qh5 Ng6 30.Nc2 Rb2 31.d4 Bd6 32.Qh3 f5 33.Bxd5 Bc8 34.Qxf5 Bxg3 35.Rf1 Bf4
36.Bxf4 Rxc2 37.Be5 Rg2+ 38.Kh1 1-0

[Event "6th Banja Luka it"]
[Site "Banja Luka YUG"]
[Date "1985.04.16"]
[Round "6"]
[White "Gavric, Miladin"]
[Black "Psakhis, Lev"]
[Result "1/2-1/2"]
[WhiteElo "2265"]
[BlackElo "2555"]
[EventDate "1985.04.10"]
[PlyCount "41"]

1.e4 c5 2.Nf3 e6 3.d4 cxd4 4.Nxd4 Nf6 5.Nc3 d6 6.Be2 Be7 7.O-O O-O 8.f4 a6
9.Kh1 Qc7 10.a4 Nc6 11.Be3 Re8 12.Bg1 Bd7 13.Qd3 Nxd4 14.Bxd4 e5 15.Be3 
Rac8 16.f5 Qa5 17.Bg5 Bc6 18.Bf3 Red8 19.Bd2 Qc7 20.a5 Bd7 21.g4 1/2-1/2